Status of Fearn Springs formation. (Record no. 28496)

MARC details
000 -LEADER
fixed length control field 00782cam a22002531 4500
001 - CONTROL NUMBER
control field gs 50000250
003 - CONTROL NUMBER IDENTIFIER
control field DLC
005 - DATE AND TIME OF LATEST TRANSACTION
control field 20260227111356.0
008 - FIXED-LENGTH DATA ELEMENTS--GENERAL INFORMATION
fixed length control field 781122s1950 msua s000 0 eng
010 ## - LIBRARY OF CONGRESS CONTROL NUMBER
LC control number gs 50000250
035 ## - SYSTEM CONTROL NUMBER
System control number (OCoLC)4393297
040 ## - CATALOGING SOURCE
Original cataloging agency DLC
Transcribing agency MsSM
Modifying agency DLC
042 ## - AUTHENTICATION CODE
Authentication code premarc
050 00 - LIBRARY OF CONGRESS CALL NUMBER
Classification number QE129
Item number .A2 no. 69
100 1# - MAIN ENTRY--PERSONAL NAME
Personal name Mellen, Frederic Francis,
Dates associated with a name 1911-
245 10 - TITLE STATEMENT
Title Status of Fearn Springs formation.
260 ## - PUBLICATION, DISTRIBUTION, ETC.
Place of publication, distribution, etc. University, Miss.,
Date of publication, distribution, etc. 1950.
300 ## - PHYSICAL DESCRIPTION
Extent 20 p.
Other physical details illus., fold. diagr.
Dimensions 23 cm.
410 20 - SERIES STATEMENT/ADDED ENTRY--CORPORATE NAME [OBSOLETE, CAN/MARC], [LOCAL, USA]
Corporate name or jurisdiction name as entry element Mississippi Geological, Economic, and Topographical Survey
Title of a work Bulletin,
Volume number/sequential designation no. 69
504 ## - BIBLIOGRAPHY, ETC. NOTE
Bibliography, etc. note "References": p. 20.
650 #0 - SUBJECT ADDED ENTRY--TOPICAL TERM
Topical term or geographic name entry element Geology, Stratigraphic
Chronological subdivision Tertiary.
650 #0 - SUBJECT ADDED ENTRY--TOPICAL TERM
Topical term or geographic name entry element Geology
Geographic subdivision Mississippi.
740 0# - ADDED ENTRY--UNCONTROLLED RELATED/ANALYTICAL TITLE
Uncontrolled related/analytical title Fearn Springs formation.

No items available.

Powered by Koha